Διαβάζοντας στη Χάννα

Αποθηκεύτηκε σε:
Λεπτομέρειες βιβλιογραφικής εγγραφής
Κύριος συγγραφέας: Schlink, Bernhard
Μορφή: Βιβλίο
Γλώσσα:Greek
German
Δημοσίευση: Αθήνα : Κριτική, c1997.
Σειρά:Εν πλω (Κριτική) ; 1
Θέματα:
Ετικέτες: Προσθήκη ετικέτας
Δεν υπάρχουν, Καταχωρήστε ετικέτα πρώτοι!

MARC

LEADER 00000cam a2200000 i 4500
001 1/88691
008 080612s1997 gr | ||| |||| ||gre||
020 |a 9789602181546 
035 |l 10098174 
040 |a GR-MyUA  |b gre  |e AACR2 
041 1 |a gre  |h ger 
082 7 |a 833   |2 (22) 
100 1 |a Schlink, Bernhard. 
245 1 0 |a Διαβάζοντας στη Χάννα /   |c Bernhard Schlink ; μετάφραση Ιάκωβος Κοπέρτι.  
260 |a Αθήνα :   |b Κριτική,   |c c1997.  
300 |a 205 σ. ;   |c 21 εκ.  
490 1 |a (Εν πλω / Κριτική ;   |v  1)  
650 0 0 |a German fiction  |y 20th century. 
765 0 8 |i Μετάφραση του:   |t Der Vorleser :  
830 0 |a Εν πλω (Κριτική)  |v  ; 1 
852 |a INST  |b SYROS  |e 20080612  |h 833 SCH  |p 005500005821  |q 005500005821  |t BK  |y 0 
901 |a BIBL5-2008-2 
909 |a Ε  |b 145923 
922 |a 5ΕΛΗ  |b 200802  |c ΕΠΕΑΕΚ2/ΤΜΣΠΣ  |d Σ. ΠΑΤΑΚΗΣ 
970 |a ΚΟΝΤΟΥ  |b ΠΑΡΑΣΚΕΥΗ  |z 2008/06/12